Movie Franchises - Statistics

General Stats
  • This quiz has been taken 89 times
  • The average score is 33 of 124
Answer Stats
Hint Answer % Correct
Chamber of Secrets
71%
Goblet of Fire
69%
Prisoner of Azkaban
67%
Harry Potter Sorcerers Stone
64%
Return of the Jedi
62%
War for the Planet of the Apes
62%
A New Hope
60%
Attack of the Clones
60%
Deathly Hallows Part 1
57%
Deathly Hallows Part 2
57%
Empire Strikes Back
55%
Half-Blood Prince
55%
Star Wars Phantom Menace
55%
Revenge of the Sith
55%
Endgame
52%
Rise of the Planet of the Apes
52%
The Matrix The Matrix
52%
Last Jedi
50%
Force Awakens
48%
Infinity War
48%
The Winter Soldier
48%
Civil War
45%
Avengers The Avengers
45%
Captain America The First Avenger
45%
Two Towers
45%
Age of Ultron
43%
Lord of the Rings Fellowship of the Ring
43%
Return of the King
43%
Revolutions
43%
Rise of Skywalker
43%
Pirates of the Caribbean Curse of the Black Pearl
40%
Dead Man's Chest
40%
Indiana Jones Raiders of the Lost Ark
40%
Fast & Furious The Fast and the Furious
40%
Dawn of the Planet of the Apes
38%
Fast & Furious
38%
Order of Phoenix
36%
Temple of Doom
36%
The Hobbit An Unexpected Journey
33%
Friday the 13th Friday the 13th
33%
Last Crusade
33%
On Stranger Tides
33%
Reloaded
33%
At the World's End
31%
Battle for the Planet of the Apes
31%
Fast Five
31%
The Fast and the Furious: Tokyo Drift
31%
Twilight Twilight
31%
Jurassic Park Jurassic Park
29%
2 Fast 2 Furious
26%
Nightmare on Elm Street A Nightmare on Elm Street
26%
Battle of the Five Armies
26%
Dead Men Tell No Tales
26%
Desolation of Smaug
26%
Die Hard Die Hard
26%
Fast X
26%
Spider-Man Homecoming
26%
Jurassic World
26%
New Moon
26%
No Way Home
26%
Transformers Transformers
26%
Breaking Dawn Part 1
24%
Breaking Dawn Part 2
24%
Far From Home
24%
The Maze Runner The Maze Runner
24%
Dark of the Moon
21%
Dial of Destiny
21%
Eclipse
21%
Furious 7
21%
Jurassic Park 3
21%
Planet of the Apes Planet of the Apes
21%
Resurrections
21%
Revenge of the Fallen
21%
The Lost World
21%
Dominion
19%
Kingdom of the Crystal Skull
19%
The Fate of the Furious
19%
Fast & Furious 6
17%
Hellraiser Hellraiser
17%
A Good Day to Die Hard
14%
Die Hard with a Vengeance
14%
F9: The Fast Saga
14%
Fallen Kingdom
14%
Live Free or Die Hard
14%
Resident Evil Resident Evil
14%
Age of Extinction
12%
Beneath the Planet of the Apes
12%
Conquest of the Planet of the Apes
12%
Death Cure
12%
Jason Takes Manhattan
12%
Part 2
12%
Part III
12%
Rise of the Beasts
12%
The Last Knight
12%
Bloodline
10%
Die Harder
10%
Dream Warriors
10%
Hellbound
10%
Hell on Earth
10%
Scorch Trials
10%
The Final Chapter
10%
Deader
7%
Escape from the Planet of the Apes
7%
Freddy's Revenge
7%
Freddy vs. Jason
7%
Hellseeker
7%
Hellworld
7%
Inferno
7%
Jason Goes to Hell: The Final Friday
7%
Jason X
7%
Revelations
7%
The Dream Child
7%
The Dream Master
7%
Afterlife
5%
A New Beginning
5%
Apocalypse
5%
Extinction
5%
Freddy's Dead: The Final Nightmare
5%
Jason Lives
5%
Judgement
5%
Retribution
5%
The New Blood
5%
New Nightmare
2%
No matching quizzes found
Score Distribution
Percent of People with Each Score
Percentile by Number Answered
Your Score History
You have not taken this quiz